| 000 | 00764nam a22002177a 4500 | ||
|---|---|---|---|
| 005 | 20150320164804.0 | ||
| 008 | 140714b xxu||||| |||| 00| 0 Urdu d | ||
| 010 | _aUR-8760 | ||
| 020 | q | _c150.00 | |
| 035 | _aU-7315 | ||
| 037 | _bDBAD/Pub. | ||
| 040 |
_aDPL _bUrdu |
||
| 082 | _a841 | ||
| 100 | _aسکسينہ ر ميش نر ا ين گلشن بر يلو ی | ||
| 245 |
_aد شت د يکھا نہ سمند ر د يکھا _bسکسينہ ر ميش نر ا ين گلشن بر يلو ی |
||
| 246 |
_aDasht Dekha na Samunder Dekha _bBY Ramesh Narain Saxena Gulshan Barelvi |
||
| 260 |
_aLakhnow-U.P. _bNoumani Printing Press _c2009 |
||
| 270 | _aBarud Khana ,Gola Ganj | ||
| 300 |
_a208ص _b22Cm.(Pb.) |
||
| 942 |
_2ddc _cUR _h841 _mس ک س |
||
| 999 |
_c92378 _d92378 |
||